Top 20 capitales les plus polluées au monde - Statistiques

Statistiques générales
  • Ce quiz a été pris 66 fois
  • Le résultat moyen est 13 sur 20
Statistiques - réponses
Pays Capitales % Correct
Inde New Delhi
94%
Indonésie Jakarta
89%
Egypte Le Caire
88%
Qatar Doha
84%
Arabie Saoudite Riyad
78%
Irak Bagdad
73%
Pakistan Islamabad
72%
Koweit Koweit city
67%
Bangladesh Dacca
66%
Vietnam Hanoi
63%
Népal Katmandou
61%
Emirats arabes unis Abu Dhabi
55%
Soudan Khartoum
55%
Burkina Faso Ouagadougou
53%
Tchad N'djamena
52%
Nigeria Abuja
50%
Tadjikistan Douchanbé
45%
Rwanda Kigali
44%
Bahrein Manama
42%
Ouganda Kampala
36%
Aucun quiz correspondant
Distribution des résultats
% des personnes avec chaque résultat
Percentile par nombre de réponses
Votre historique - résultats
Vous n’avez pas pris ce quiz